Catálogo

HISTORIA DE LA ADMINISTRACION DE EMPRESAS EN LOS ESTADOS UNIDOS (Registro nro. 45664)

Detalles MARC
000 -LEADER
fixed length control field 00830nam a2200181 a 4500
001 - CONTROL NUMBER
control field 45664
005 - DATE AND TIME OF LATEST TRANSACTION
control field 20180714024939.0
008 - FIXED-LENGTH DATA ELEMENTS--GENERAL INFORMATION
fixed length control field 140415s1971 mx 000 0 spa d
041 ## - LANGUAGE CODE
Language code of text/sound track or separate title spa
082 ## - DEWEY DECIMAL CLASSIFICATION NUMBER
Classification number 658.0973
Item number HIS
245 00 - TITLE STATEMENT
Title HISTORIA DE LA ADMINISTRACION DE EMPRESAS EN LOS ESTADOS UNIDOS
250 ## - EDITION STATEMENT
Edition statement 1a ed.
260 ## - PUBLICATION, DISTRIBUTION, ETC.
Place of publication, distribution, etc. MEXICO :
Name of publisher, distributor, etc. DIANA,
Date of publication, distribution, etc. 1971
300 ## - PHYSICAL DESCRIPTION
Extent 263
Dimensions 14 x 2.5 x 21.3
520 ## - SUMMARY, ETC.
Summary, etc. REUNE EN UN TODO CONGRUENTE Y ARMÓNICO MUCHOS SELECTOS TRABAJOS SOBRE LA ESPECIALIDAD EN ESTA DESTACADA PROFESIÓN QUE CADA DÍA COBRA MAYOR IMPORTANCIA. CONJUNTA TEMAS DE GRAN TRASCENDENCIA Y EXPONE BASES EN LAS QUE SE APOYA EL PENSAMIENTO ACERCA DE LAS EMPRESAS Y SU ADMINISTRACIÓN EN LOS EE.UU.
650 14 - SUBJECT ADDED ENTRY--TOPICAL TERM
Topical term or geographic name entry element ADMINISTRACION
General subdivision HISTORIA
-- ESTADOS UNIDOS
700 1# - ADDED ENTRY--PERSONAL NAME
Personal name BAUGHMAN, JAMES P. (Recop.)
Relator term coaut.
Existencias
Withdrawn status Lost status Source of classification or shelving scheme Damaged status Not for loan Collection code Home library Current library Shelving location Date acquired Source of acquisition Inventory number Total Checkouts Full call number Barcode Date last seen Price effective from Koha item type
    Dewey Decimal Classification     General Biblioteca Karol Wojtyla Biblioteca Karol Wojtyla Sala general 03/12/2013 Compra 151000000000000000020110   658.0973 HIS 68569 05/01/2026 03/12/2013 Libro